Softvérové inžinierstvo

Na minha lista:
Detalhes bibliográficos
Autor principal: Moravčík, Oliver
Outros Autores: Vaský, Jozef, Mišút, Martin, 1962-, Doskočil, Zdenko, Jurík, Jozef
Formato: Livro
Idioma:eslovaco
Publicado em: Trnava Gepard dizajn 1999
Assuntos:
Tags: Adicionar Tag
Sem tags, seja o primeiro a adicionar uma tag!

MARC

LEADER 00000nam a2200000 4500
001 0185077
005 20240502073154.5
020 |a 80-967539-2-4 
041 0 |a slo 
044 |a SK 
245 1 0 |a Softvérové inžinierstvo  |c Oliver Moravčík, Jozef Vaský, Martin Mišút ; lektorovali: Zdenko Doskočil, Jozef Jurík 
264 1 |a Trnava  |b Gepard dizajn  |c 1999 
300 |a 183 s. 
610 2 0 |a inžinierstvo softvérové 
610 2 0 |a programovanie 
610 2 0 |a softvér 
610 2 0 |a modelovanie 
610 2 0 |a modely 
100 1 |a Moravčík, Oliver 
700 1 |a Vaský, Jozef 
700 1 |a Mišút, Martin, 1962- 
700 1 |a Doskočil, Zdenko 
700 1 |a Jurík, Jozef